000 00814nam a2200241 i 4500
001 10818
003 ES-MaACL
005 20230906145951.0
007 t|
008 951107s1985 xxu ||||1| eng d
020 _a0-8389-3305-X
080 _a025.21
245 0 0 _aSelection of library materials in the humanities, social sciences, and sciences /
_cPatricia A. McClung, editor ; section editors, William Hepfer... [et al.].
260 _aChicago [etc.] :
_bAmerican Library Association,
_c1985.
300 _aXIV, 405 p. ;
_c24 cm.
500 _aIndice.
650 1 4 _aAdquisiciones (Bibliotecas)
_9196225
700 1 _aMcClung, Patricia A.
_979532
700 1 _aHepfer, William.
_962621
710 2 _aAmerican Library Association.
_91365
852 _aES-MaACL
_jL-18139
_bR.111680
999 _c10818
_d10818